Central Library OPAC University of Rajshahi

Macroeconomics and programming / (Record no. 2530)

MARC details
000 -LEADER
fixed length control field 00634nam a2200217 a 4500
001 - CONTROL NUMBER
control field 2530
003 - CONTROL NUMBER IDENTIFIER
rucl marc code UkOxU
005 - DATE AND TIME OF LATEST TRANSACTION
control field 20211208233555.0
008 - FIXED-LENGTH DATA ELEMENTS--GENERAL INFORMATION
fixed length control field 131211s1964 enk b 001 0 eng
035 ## - SYSTEM CONTROL NUMBER
System control number 65-31404
040 ## - CATALOGING SOURCE
Original cataloging agency DLC
Transcribing agency FXG
Language of cataloging eng
041 ## - LANGUAGE CODE
Language code of text/sound track or separate title eng
082 ## - DEWEY DECIMAL CLASSIFICATION NUMBER
Edition number 19
Classification number 339.0724
Author mark and year KUM
100 1# - MAIN ENTRY--PERSONAL NAME
Personal name Kurihara, Kenneth K.
9 (RLIN) 8180
245 10 - TITLE STATEMENT
Title Macroeconomics and programming /
Statement of responsibility, etc. [by] Kenneth K. Kurihara
260 ## - PUBLICATION, DISTRIBUTION, ETC. (IMPRINT)
Place of publication, distribution, etc. London :
Name of publisher, distributor, etc. Allen & Unwin,
Date of publication, distribution, etc. c1964.
300 ## - PHYSICAL DESCRIPTION
Pagination 100 p. ;
Size 23 cm.
504 ## - BIBLIOGRAPHY, ETC. NOTE
Bibliography, etc Includes bibliographical references (p. 94-95) and index.
650 #0 - SUBJECT ADDED ENTRY--TOPICAL TERM
Topical term or geographic name as entry element Macroeconomics
General subdivision Mathematical models.
9 (RLIN) 7688
942 ## - ADDED ENTRY ELEMENTS (KOHA)
Source of classification or shelving scheme Dewey Decimal Classification
Koha item type Books
Holdings
Lost status Source of classification or shelving scheme Damaged status Not for loan Collection code Permanent Location Current Location Shelving location Date acquired Source of acquisition Cost, normal purchase price Total Checkouts Full call number Date last seen Copy number Koha item type
  Dewey Decimal Classification     Non-fiction Central Library, University of Rajshahi Central Library, University of Rajshahi   06/11/1965 Zeittinger 21.00   339.0724 KUM 1964 11/12/2013 C-2 Books
  Dewey Decimal Classification     Non-fiction Central Library, University of Rajshahi Central Library, University of Rajshahi   06/11/1965 Zeittinger 21.00   339.0724 KUM 1964 11/12/2013 C-3 Books
  Dewey Decimal Classification     Non-fiction Central Library, University of Rajshahi Central Library, University of Rajshahi   08/06/1968 zeitlinger 21.00   339.0724 KUM 1964 12/12/2013 C-6 Books
  Dewey Decimal Classification     Non-fiction Central Library, University of Rajshahi Central Library, University of Rajshahi   08/06/1968 Zeithlinger 21.00   339.0724 KUM 1964 16/06/2016 C-4 Books
  Dewey Decimal Classification     Non-fiction Central Library, University of Rajshahi Central Library, University of Rajshahi   08/06/1968 Zeithlinger 21.00   339.0724 KUM 1964 16/06/2016 C-5 Books
  Dewey Decimal Classification     Non-fiction Central Library, University of Rajshahi Central Library, University of Rajshahi   08/06/1968 Zeithlinger 21.00   339.0724 KUM 1964 16/06/2016 C-7 Books
  Dewey Decimal Classification     Non-fiction Central Library, University of Rajshahi Central Library, University of Rajshahi   08/06/1968 Zeithlinger 21.00   339.0724 KUM 1964 16/06/2016 C-8 Books
  Dewey Decimal Classification   Not For Loan Non-fiction Central Library, University of Rajshahi Central Library, University of Rajshahi Reading Room 06/11/1965 Zeitlinger 21.00   339.0724 KUM 1964 27/12/2016 C-1 Books